000 01669nam a2200265 i 4500
001 000029948
003 DO-SdBNP
005 20241025101341.0
007 ta
008 110427s2003 dr abc 000 0 spa d
040 _aDO-SdBNP
_bspa
_cBNPHU
_erda
049 _aBNPD
082 4 _axxx
_bC172h
_222
100 1 _aCamarena, Germán,
_eautor
_4aut.
_956691
245 1 0 _aHistoria de la ciudad de Puerto Plata /
_cGemán Camarena.
264 4 _aPuerto Plata, República Dominicana :
_bEditora Corripio,
_c2003.
300 _a415 páginas :
_bilustraciones, mapas, retratos ;
_c24 cm.
336 _atexto
_btxt
_2rdacontent
337 _asin mediación
_bn
_2rdamedia
338 _avolumen
_bnc
_2rdacarrier
500 _aIncluye datos biográficos del autor en la contracubierta
505 2 _aPrimera parte--
_tPuerto Plata desde 1502 - 1505 : origen de la ciudad --
_tDescripción de la ciudad de Puerto Plata--
_tDominio y organización de los indígenas antes de la fundación de Puerto Plata--
_tEl indio--
_gSegunda parte--
_tPuetro Plata desde 1605 al 1863 : construcción de la segunda ciudad --
_tEliminación de la ciudad de Puerto Plata por más de un siglo--
_tFacilidades concedidas a los nuevos pobladores de Puerto Plata--
_tLevantamiento de la nueva ciudad de Puerto Plata--
_tLista de las primeras herramientas que llegaron a la nueva ciudad de Puerto Plata--
_gTercera parte--
_tPuerto Plata desde 1863 hasta el 2002 : construción del actual Puerto Plata--
_tIncendio de 1863 destruye la ciudad de Puerto Plata--
_tPuerto Plata: Distrito independiente--
_tPeriódico El Porvenir--
_tGeneral Gregorio Luperón.
590 _aInventariado, 2024/BT
942 _2ddc
_cLBS1
999 _c29440
_d29440